000 00357nam a22001457a 4500
020 _a81-85617-86-4
082 _a591.4
_bJUR/A
100 _aJURD, RICHARD
245 _aINSTANT NOTES IN ANIMAL BIOLOGY
250 _aREPRINTED 2003
260 _aDELHI
_bVIVA BOOKS PRIVATE LIMITED
_c2003
300 _a294
650 _aBIOLOGY REFERENCE
_zINDIA
942 _cBK
999 _c1406
_d1406